Elementos de cirugía operatoria ó Tratado practico de las operaciones / (Record no. 154845)

MARC details
000 -LEADER
campo de control de longitud fija 00831nam a22001935i 4500
001 - NÚMERO DE CONTROL
campo de control 154845
003 - IDENTIFICADOR DE NÚMERO DE CONTROL
campo de control ES-MaACL
005 - FECHA Y HORA DE LA ÚLTIMA TRANSACCIÓN
campo de control 20250917063054.0
008 - DATOS DE LONGITUD FIJA--INFORMACIÓN GENERAL
campo de control de longitud fija 040712s1869 sp a |||| | spa d
040 ## - FUENTE DE CATALOGACIÓN
Centro catalogador/agencia de origen CAM
Lengua de catalogación spa
Centro/agencia transcriptor CAM
100 1# - ENTRADA PRINCIPAL--NOMBRE DE PERSONA
Nombre de persona Guérin, Alphonse,
Fechas asociadas al nombre 1816-1895
9 (RLIN) 127679
245 10 - MENCIÓN DEL TÍTULO
Título Elementos de cirugía operatoria ó Tratado practico de las operaciones /
Mención de responsabilidad, etc. por Alfonso Guérin; traducido al castellano de la última edicion francesa y anotado por Rafael Martinez y Molina.
260 ## - PUBLICACIÓN, DISTRIBUCIÓN, ETC.
Lugar de publicación, distribución, etc. Madrid [etc.] :
Nombre del editor, distribuidor, etc. Carlos Bailly-Bailliere [etc.],
Fecha de publicación, distribución, etc. 1869 (
Fabricante Imprenta Bailly-Bailliere)
300 ## - DESCRIPCIÓN FÍSICA
Extensión 582 p. :
Otras características físicas il. ;
Dimensiones 23 cm.
650 07 - PUNTO DE ACCESO ADICIONAL DE MATERIA--TÉRMINO DE MATERIA
Término de materia o nombre geográfico como elemento de entrada Cirugía
Fuente del encabezamiento o término embne
9 (RLIN) 11050
700 0# - ENTRADA AGREGADA--NOMBRE PERSONAL
Nombre de persona Martínez y Molina, Rafael.
9 (RLIN) 78484
852 ## - LOCALIZACIÓN
Ubicación ES-MaACL
Número de control de estantería G-14057
Nota libre -- Enc. tela
-- -- Legado de Gustavo Saenz Diez
Holdings
Estatus retirado Estado de pérdida Estado de daño No para préstamo Colección Biblioteca de origen Biblioteca actual Ubicación en estantería Fecha de adquisición Fuente de adquisición Total de préstamos Signatura topográfica completa Código de barras Visto por última vez Precio de reemplazo Tipo de ítem Koha
        Libros del s. XIX Biblioteca del Ateneo de Madrid Biblioteca del Ateneo de Madrid Sala Pecera Planta 3 17/01/2008     G-14057 1161968 23/02/2023 23/02/2023 Libro impreso antiguo